[Event "18th ch-IRI"]
[Site "Tehran IRI"]
[Date "2008.02.24"]
[Round "11"]
[White "Moosavian,S"]
[Black "Sharbaf,M"]
[Result "1-0"]
[WhiteElo "2349"]
[BlackElo "2407"]

1.e4 c5 2.Nc3 e6 3.Nf3 Nc6 4.d4 cxd4 5.Nxd4 Nf6 6.Nxc6 bxc6 7.e5 Nd5 8.Ne4 Qc7
9.f4 Qb6 10.c4 Ne3 11.Qd3 Bb4+ 12.Bd2 Ba6 13.b3 O-O 14.Bxb4 Qxb4+ 15.Kf2 Nd5
16.g3 f6 17.Qc2 Nxf4 18.gxf4 fxe5 19.Ng5 Rxf4+ 20.Kg3 g6 21.Bd3 Qe7 22.h4 Raf8
23.Raf1 Qf6 24.Qd2 h6 25.Ne4 Rf3+ 26.Kg2 Qf5 27.Rxf3 Qxf3+ 28.Kg1 Rf4 29.Rh2 d5
30.Nf2 e4 31.Rh3 Rg4+ 32.Nxg4 Qxh3 33.Qf4 e5 34.Nxe5 Qf5 35.Qxf5 gxf5 36.Bf1 Bb7
37.Kf2 Kg7 38.Ke3 Kf6 39.Kf4 d4 40.Bh3 Bc8 41.Nxc6 d3 42.Bf1 a6 43.Nb4 a5
44.Nd5+ Ke6 45.Bh3 Kd6 46.Bxf5 d2 47.Ne3 Bb7 48.Bxe4 Bc8 49.Nd1  1-0

[Event "25th Festival Open A"]
[Site "Bled SLO"]
[Date "2008.02.26"]
[Round "5"]
[White "Buzeti,J"]
[Black "Gjuran,D"]
[Result "1/2-1/2"]
[WhiteElo "2146"]
[BlackElo "2309"]

1.e4 c5 2.Nf3 e6 3.d4 cxd4 4.Nxd4 Nc6 5.Nc3 Qc7 6.Be2 a6 7.O-O Nf6 8.Be3 Be7
9.f4 d6 10.a4 O-O 11.Kh1 Re8 12.Nb3 b6 13.Bf3  1/2-1/2

[Event "XI Open"]
[Site "Malaga ESP"]
[Date "2008.02.27"]
[Round "6"]
[White "Gavilan Diaz,M"]
[Black "Jovanic,O"]
[Result "0-1"]
[WhiteElo "2280"]
[BlackElo "2491"]

1.e4 c5 2.Nf3 e6 3.d4 cxd4 4.Nxd4 Nc6 5.Nc3 Qc7 6.Be3 a6 7.Bd3 Nf6 8.O-O Nxd4
9.Bxd4 Bc5 10.Bxc5 Qxc5 11.Qe2 d6 12.Kh1 e5 13.f4 Be6 14.f5 Bd7 15.a4 Rc8
16.Rad1 Qb4 17.Nd5 Nxd5 18.exd5 Qxa4 19.b3 Qb4 20.Rf3 f6 21.Rg3 Kf8 22.Rg4 Qc3
23.Rg3 Qb4 24.Rg4 Qb6 25.Rg3 Be8 26.Be4 Rg8 27.Rh3 Rh8 28.Rg3 Rc7 29.Qd2 Rg8
30.Rh3 h6 31.c4 Bf7 32.Rc1 Ke7 33.Rg3 a5 34.Ra1 Rc5 35.Rb1 Qc7 36.h3 Be8
37.Bd3 b5 38.Be2 Bd7 39.Bd3 b4 40.Ra1 Kd8 41.Qe1 Be8 42.Rf3 Rf8 43.Rf2 Rf7
44.g4 Qb6 45.Rfa2 Ra7 46.Qe3 Kc8 47.h4 Qd8 48.h5 Qb6 49.Ra4 Bxa4 50.Rxa4 e4
51.Bxe4 Re7 52.Kg2 Kb7 53.Kf3 Rc8 54.Qxb6+ Kxb6 55.Ra2 Rce8 56.Re2 Kc5 57.Kf4 a4  0-1

[Event "24th Open"]
[Site "Bad Woerishofen GER"]
[Date "2008.02.28"]
[Round "1"]
[White "Bergmann,R"]
[Black "Von Wantoch Rekowski,D"]
[Result "0-1"]
[WhiteElo "1964"]
[BlackElo "2242"]

1.e4 c5 2.Nf3 Nc6 3.d4 cxd4 4.Nxd4 e6 5.Nc3 a6 6.a3 Qc7 7.g3 Nf6 8.Bg2 b5
9.Nxc6 Qxc6 10.O-O Bb7 11.Re1 Be7 12.Qe2 O-O 13.Be3 d6 14.Rad1 Nd7 15.Bd4 Rfc8
16.Qg4 Ne5 17.Qe2 Qc7 18.Bxe5 dxe5 19.Rd3 Bc6 20.Red1 a5 21.Qg4 b4 22.Nb1 Bb5
23.R3d2 Rd8 24.Bf1 Bxf1 25.Kxf1 Rxd2 26.Rxd2 Qc4+ 27.Qe2 Qa2 28.Qd1 bxa3
29.bxa3 Rb8 30.Nc3 Qxa3 31.Rd3 Qb4 32.Kg2 a4 33.f3 a3 34.Qc1 Rc8 35.Ne2 Qa4
36.Rb3 a2  0-1

[Event "25th Festival Open A"]
[Site "Bled SLO"]
[Date "2008.02.28"]
[Round "7"]
[White "Sakelsek,T"]
[Black "Lazar,Ales ML"]
[Result "1-0"]
[WhiteElo "2461"]
[BlackElo "2273"]

1.e4 c5 2.Nf3 e6 3.d4 cxd4 4.Nxd4 Nc6 5.Nc3 a6 6.Be3 Nf6 7.Bd3 Qc7 8.O-O Ne5
9.f4 Neg4 10.Bd2 Bc5 11.Ne2 e5 12.fxe5 Nxe5 13.Kh1 d5 14.exd5 Nxd5 15.c4 Ng4
16.Nf4 Bxd4 17.cxd5 O-O 18.Rc1 Qb6 19.Rxc8 Raxc8 20.Qxg4 Qxb2 21.Ne2 Qxd2
22.Qxd4 Qxa2 23.Ng3 g6 24.d6 Qa5 25.Ne4 Rfd8 26.Nf6+ Kf8 27.Nxh7+ Kg8 28.Nf6+ Kf8
29.Nd5 Ke8 30.Qe5+ Kd7 31.Nf6+  1-0

[Event "ch-ROU"]
[Site "Cluj ROU"]
[Date "2008.02.28"]
[Round "5"]
[White "Berescu,A"]
[Black "Stanculescu,C"]
[Result "1-0"]
[WhiteElo "2498"]
[BlackElo "2219"]

1.e4 c5 2.Nf3 Nc6 3.Nc3 e6 4.d4 cxd4 5.Nxd4 Nf6 6.Nxc6 dxc6 7.Qxd8+ Kxd8
8.Bg5 e5 9.O-O-O+ Kc7 10.f4 Bg4 11.Rd2 Bb4 12.Bxf6 gxf6 13.f5 Rag8 14.h3 Bh5
15.g4 Bxg4 16.hxg4 Rxg4 17.Bc4 h5 18.Be2 Rg5 19.Rd3 h4 20.Rdh3 Rg2 21.Bf3 Rg7
22.Rxh4  1-0

[Event "3rd l'Ouest Toulousain Open"]
[Site "Colomiers FRA"]
[Date "2008.02.28"]
[Round "5"]
[White "Sasu Ducsoara,An"]
[Black "Fomichenko,E"]
[Result "1/2-1/2"]
[WhiteElo "2223"]
[BlackElo "2476"]

1.e4 c5 2.Nf3 e6 3.d4 cxd4 4.Nxd4 Nc6 5.Nc3 Qc7 6.Be2 a6 7.Be3 Nf6 8.a3 b5
9.f4 b4 10.axb4 Bxb4 11.Bf3 d5 12.e5 Ne4 13.Bxe4 dxe4 14.Nb5 Qb8 15.Nd6+ Bxd6
16.Qxd6 Qxd6 17.exd6 Nb4 18.O-O-O f5 19.Bc5 Rb8 20.Na4 Nd5 21.g3 Bd7 22.Rd4 Kf7
23.Ba3 a5 24.Nc5 Bc6 25.Nb3 Ra8 26.Nd2 Nb6 27.Nc4 Nxc4 28.Rxc4 Rac8 29.Re1 Rhd8
30.Re3 Bd7 31.Rc7 e5 32.fxe5 Ke6 33.b3 Kxe5 34.Bb2+ Kxd6 35.Rxc8 Rxc8 36.Bxg7 a4
37.bxa4 Bxa4 38.Rc3 Bc6 39.Kd2 Rg8 40.Bh6 Ra8 41.Ra3 Ba4 42.Ke3 Kd5 43.Bf4 Ra6
44.c3 Kc4 45.Be5 h5 46.Bd4 Ra8 47.Be5 Kb5 48.Ra1 Kc4 49.Ra3 Ra6 50.Bd4 Kb5
51.Ra1 Kc4 52.Ra3  1/2-1/2

[Event "XI Open"]
[Site "Malaga ESP"]
[Date "2008.02.28"]
[Round "7"]
[White "Kislik,E"]
[Black "Ivanov,Jo"]
[Result "0-1"]
[WhiteElo "2216"]
[BlackElo "2371"]

1.e4 c5 2.Nf3 e6 3.d4 cxd4 4.Nxd4 Nc6 5.Nc3 Qc7 6.Be3 a6 7.Qd2 Nxd4 8.Bxd4 b5
9.O-O-O Bb7 10.f3 Rc8 11.Bxb5 axb5 12.Nxb5 Qc4 13.Bxg7 Qxb5 14.Bxh8 Bxe4
15.Bc3 Bg6 16.Rhe1 Bb4 17.Re3 Ne7 18.Qd4 d6 19.g4 Bc5 20.Qd2 Bxe3 21.Qxe3 Nd5
22.Qd4 Nxc3 23.bxc3 Qe2 24.Rd2 Qe1+ 25.Rd1 Qxc3 26.Qxc3 Rxc3 27.Rxd6 Rxc2+
28.Kd1 Rxa2 29.Rd2 Rxd2+ 30.Kxd2 e5 31.Ke3 Ke7 32.f4 Ke6 33.fxe5 Kxe5 34.Kf3 h6
35.h3 f6 36.Kg3 Ke4 37.Kf2 Kf4 38.Kg2 Be4+ 39.Kh2 Bf3  0-1

[Event "24th Open"]
[Site "Bad Woerishofen GER"]
[Date "2008.02.29"]
[Round "2"]
[White "Gerstner,B"]
[Black "Teske,H"]
[Result "0-1"]
[WhiteElo "2170"]
[BlackElo "2493"]

1.e4 c5 2.Nf3 Nc6 3.d4 cxd4 4.Nxd4 e6 5.Nc3 a6 6.Be2 Qc7 7.O-O Nf6 8.Be3 Bb4
9.Na4 O-O 10.Nxc6 bxc6 11.Nb6 Rb8 12.Nxc8 Rfxc8 13.Bxa6 Re8 14.Qf3 Bd6 15.Rab1 Bxh2+
16.Kh1 Be5 17.c3 Ra8 18.Bc4 Ra4 19.b4 Bxc3 20.Bc5 Qe5 21.Rfd1 d5 22.exd5 cxd5
23.Bb3 Raa8 24.b5 d4  0-1

[Event "25th Festival Open A"]
[Site "Bled SLO"]
[Date "2008.02.29"]
[Round "8"]
[White "Kozamernik,J"]
[Black "Susnik,M"]
[Result "1/2-1/2"]
[WhiteElo "2221"]
[BlackElo "2165"]

1.e4 c5 2.Nf3 Nc6 3.d4 cxd4 4.Nxd4 e6 5.Nc3 a6 6.Be2 Qc7 7.O-O Nf6 8.Be3 d6
9.f4 Be7 10.Kh1 O-O  1/2-1/2

[Event "3rd l'Ouest Toulousain Open"]
[Site "Colomiers FRA"]
[Date "2008.02.29"]
[Round "7"]
[White "Prasad,De"]
[Black "Fomichenko,E"]
[Result "0-1"]
[WhiteElo "2409"]
[BlackElo "2476"]

1.e4 c5 2.Nf3 e6 3.d4 cxd4 4.Nxd4 Nc6 5.Nc3 Qc7 6.Be2 a6 7.O-O Nf6 8.Be3 Be7
9.f4 d6 10.Kh1 O-O 11.a4 Re8 12.Bd3 Bf8 13.Qe1 Nb4 14.a5 Ng4 15.Bg1 e5 16.Nde2 d5
17.Nxd5 Nxd5 18.exd5 e4 19.Bb6 Qd6 20.Bc4 e3 21.Qg3 Qh6 22.h3 Be7 23.f5 Nf2+
24.Kg1 Bg5 25.Bd3 Nxd3 26.cxd3 Bh4 27.Qf3 Bf2+ 28.Kh1 Re5 29.g4 Rxd5 30.Bc7 Bd7
31.Bf4 Qc6 32.Rfc1 Rxd3  0-1

[Event "Lendas do Xadrez"]
[Site "Rio de Janeiro BRA"]
[Date "2008.03.01"]
[Round "2"]
[White "Di Berardino,D"]
[Black "Cramling,D"]
[Result "1-0"]
[WhiteElo "2430"]
[BlackElo "2425"]

1.e4 c5 2.Nc3 Nc6 3.Nf3 e6 4.d4 cxd4 5.Nxd4 Qc7 6.Be3 Nf6 7.a3 a6 8.f4 d6
9.Bd3 Be7 10.Qf3 O-O 11.O-O Nxd4 12.Bxd4 e5 13.Be3 exf4 14.Qxf4 Be6 15.Nd5 Bxd5
16.exd5 g6 17.Bd4 Nd7 18.Rae1 Ne5 19.Kh1 f5 20.Qg3 Qd7 21.Bxe5 dxe5 22.Qxe5 Bf6
23.Qe6+ Qxe6 24.Rxe6 Bxb2 25.Rb1 Bxa3 26.Rxb7 Rfe8 27.g3 Rxe6 28.dxe6 Rc8
29.h4 h5 30.Ra7 Rc6 31.Bxa6 Rxc2 32.e7 Rc1+ 33.Kg2 Rc2+ 34.Kf1 Kf7 35.e8=Q+ Kxe8
36.Bb5+ Kf8 37.Rxa3 Rc5 38.Bd3 Kg7 39.Kf2 g5  1-0

[Event "24th Open"]
[Site "Bad Woerishofen GER"]
[Date "2008.03.02"]
[Round "4"]
[White "Zdebskaja,N"]
[Black "Kunz,K"]
[Result "1-0"]
[WhiteElo "2313"]
[BlackElo "2161"]

1.e4 c5 2.Nf3 e6 3.d4 cxd4 4.Nxd4 Nc6 5.Nc3 Qc7 6.Be2 a6 7.O-O Nf6 8.Be3 b5
9.Nxc6 Qxc6 10.e5 Nd5 11.Nxd5 exd5 12.Bf3 Bb7 13.Qd2 d6 14.Bd4 dxe5 15.Bxe5 f6
16.Rfe1 Kf7 17.Qf4 Be7 18.Rad1 Rad8 19.Bd4 Rhe8 20.Bh5+ g6 21.Qh6 Rh8 22.Rxe7+ Kxe7
23.Qg7+ Ke6 24.Qxf6+ Kd7 25.Bg4+  1-0

[Event "TCh-BEL 2007-8"]
[Site "Belgium BEL"]
[Date "2008.03.02"]
[Round "10"]
[White "Leenhouts,K"]
[Black "Van Mil,J"]
[Result "1-0"]
[WhiteElo "2394"]
[BlackElo "2351"]

1.e4 c5 2.Nf3 e6 3.d4 cxd4 4.Nxd4 Nc6 5.Nc3 a6 6.Be3 Nge7 7.Qd2 Nxd4 8.Bxd4 Nc6
9.Be3 b5 10.Bd3 Bb7 11.f4 Be7 12.O-O-O Rc8 13.Qf2 O-O 14.Bb6 Qe8 15.e5 Nb4
16.Rhe1 f5 17.exf6 Bxf6 18.Bd4 Qe7 19.Be4 Bxe4 20.Rxe4 Nxc2 21.Bxf6 Rxf6
22.Qa7 b4 23.Qb7 Qf8 24.Rxd7 bxc3 25.Rxg7+ Qxg7 26.Qxc8+ Rf8 27.Qxe6+ Kh8
28.Kxc2 cxb2 29.Qe5 Qxe5 30.Rxe5 Rxf4 31.Re2 Kg7 32.Kxb2 Kf6 33.Kb3 h5 34.Rc2 h4
35.Rc6+ Kf5 36.Rxa6 h3 37.gxh3 Rf3+ 38.Kc4 Rxh3 39.Rd6 Rxh2 40.a4 Ke5 41.Rd1 Rc2+
42.Kb3 Rc7 43.a5 Ke6 44.Kb4 Rd7 45.Ra1 Kd6 46.a6 Ra7 47.Kb5 Kc7 48.Rh1 Kb8
49.Rh8+ Kc7 50.Rg8  1-0

[Event "TCh-HUN 2007-8"]
[Site "Budapest HUN"]
[Date "2008.03.02"]
[Round "7"]
[White "To,N"]
[Black "Fogarasi,T"]
[Result "1/2-1/2"]
[WhiteElo "2281"]
[BlackElo "2428"]

1.e4 c5 2.Nf3 e6 3.d4 cxd4 4.Nxd4 Nc6 5.Nc3 Qc7 6.Be3 a6 7.Qd2 Nf6 8.O-O-O Bb4
9.f3 O-O 10.g4 b5 11.g5 Ne8 12.h4 Bb7 13.Kb1 Ne5 14.h5 Rc8 15.Bf4 d6 16.g6 Bxc3
17.bxc3 Qxc3 18.gxf7+ Rxf7 19.Bh3 Qxd2 20.Bxd2 Rc4 21.Bc1 Nxf3 22.Nxf3 Rb4+
23.Bb2 Rxf3 24.Bxe6+ Kf8 25.Rhf1 Rxf1 26.Rxf1+ Ke7 27.Bb3 Bc6 28.e5 Rh4 29.Rf7+ Kd8
30.e6 Rh1+ 31.Bc1 Rxh5 32.Ra7 Re5 33.Bf4 Re1+ 34.Kb2 h5 35.Rxa6 Kc7 36.Bd2 Bb7
37.Ba5+ Kc8 38.Rb6 Re5 39.Bc3 Kc7 40.Ba5 Kc8 41.Bc3 Kc7 42.Ba5  1/2-1/2

[Event "10th Rector Cup w"]
[Site "Kharkiv UKR"]
[Date "2008.03.02"]
[Round "7"]
[White "Breslavska,G"]
[Black "Borisova,E"]
[Result "1/2-1/2"]
[WhiteElo "2216"]
[BlackElo "2305"]

1.e4 c5 2.Nf3 e6 3.d4 cxd4 4.Nxd4 Nc6 5.Nc3 Qc7 6.g3 a6 7.Bg2 Bc5 8.Nb3 Ba7
9.Bf4 Ne5 10.Qd2 d6 11.O-O-O Bb8 12.Bxe5 dxe5 13.f4 Ne7 14.Rhf1 O-O 15.Kb1 Ba7
16.h4 Rb8 17.h5 h6 18.Bh3 b5 19.Qd6 Qxd6 20.Rxd6 Bb6 21.fxe5 Bc7 22.Nd4 Rb6
23.Rxb6 Bxb6 24.Nce2 Bb7 25.Nxe6 Re8 26.N6f4 Bxe4 27.e6 f5 28.Nc3 Bc6 29.Rd1 b4
30.Ncd5 Nxd5 31.Nxd5 Bxd5 32.Rxd5 Rxe6  1/2-1/2

[Event "10th WCh-University"]
[Site "Novokuznetsk RUS"]
[Date "2008.03.04"]
[Round "1"]
[White "Battulga,N"]
[Black "Bocharov,D"]
[Result "0-1"]
[WhiteElo "2306"]
[BlackElo "2600"]

1.e4 c5 2.Nf3 Nc6 3.d4 cxd4 4.Nxd4 e6 5.Nc3 Qc7 6.Be2 a6 7.Be3 b5 8.Nxc6 dxc6
9.f4 e5 10.fxe5 Qxe5 11.Qd2 Bc5 12.Rd1 Be6 13.Bf4 Qf6 14.e5 Qd8 15.Bf3 Qxd2+
16.Rxd2 Ne7 17.Bg5 Bb4 18.O-O Bxc3 19.bxc3 Nd5 20.c4 bxc4 21.Rb1 O-O 22.Rd4 h6
23.Bd2 c3 24.Bxd5 cxd5 25.Be1 Rfc8 26.Rb3 g5 27.h4 Kg7 28.hxg5 hxg5 29.Bxc3 Kg6
30.a3 Rc6 31.Bd2 Rxc2 32.Rf3 Rb8 33.Rf6+ Kg7 34.Rf2 Rb1+ 35.Kh2 Rb3 36.a4 g4
37.g3 Rc4 38.Rff4 Kf8 39.a5 Rc2 40.Rf2 Ke8 41.Kg2 Rbb2 42.Kf1 Ra2 43.Ke2 Rxa5
44.Rh2 Raa2 45.Ke3 Kd7 46.Rh8 Ra3+ 47.Kf4 Rc4 48.Rxc4 Rf3+ 49.Kg5 dxc4 50.Ra8 c3
51.Bc1  0-1

[Event "10th WCh-University w"]
[Site "Novokuznetsk RUS"]
[Date "2008.03.04"]
[Round "1"]
[White "Wang Yu A"]
[Black "Imanbaeva,A"]
[Result "1-0"]
[WhiteElo "2391"]
[BlackElo "2205"]

1.e4 c5 2.Nc3 e6 3.Nf3 Nc6 4.d4 cxd4 5.Nxd4 Nf6 6.Ndb5 d6 7.Bf4 e5 8.Bg5 a6
9.Na3 b5 10.Nd5 Be7 11.Nxe7 Qxe7 12.c4 b4 13.Nc2 O-O 14.Qf3 Be6 15.Be2 a5
16.Rd1 Rab8 17.Bxf6 gxf6 18.b3 Kh8 19.O-O Rg8 20.Rd2 Rg6 21.Rfd1 Rbg8 22.g3 Rd8
23.Qe3 Qc7 24.c5 dxc5 25.Qxc5 Rxd2 26.Rxd2 Qb7 27.Rd6 Ne7 28.Bd3 Rg8 29.Qxa5 Rb8
30.Rd8+ Rxd8 31.Qxd8+ Kg7 32.Qd6 Nc6 33.Bc4 Qd7 34.Qxd7 Bxd7 35.Bb5 Kf8 36.f3 Ke7
37.Bxc6 Bxc6 38.Nxb4 Bb7 39.Kf2 Kd6 40.Ke3 Kc5 41.Nd3+ Kd6 42.b4  1-0

[Event "58th ch-RUS w 1st liga"]
[Site "Smolensk RUS"]
[Date "2008.03.04"]
[Round "7"]
[White "Mokhna,N"]
[Black "Chudinovskikh,Z"]
[Result "1/2-1/2"]
[WhiteElo "2183"]
[BlackElo "1944"]

1.e4 c5 2.Nf3 Nc6 3.Nc3 e6 4.d4 cxd4 5.Nxd4 a6 6.Be3 Bb4 7.Qd2 Nf6 8.f3 Qa5
9.Nb3 Bxc3 10.Nxa5 Bxd2+ 11.Bxd2 d5 12.exd5 Nxa5 13.Bxa5 Nxd5 14.c4 Ne3 15.Kf2 Nxf1
16.Rhxf1 Bd7 17.Rad1 Bc6 18.Rd6 O-O 19.Rfd1 Rac8 20.b3 Rfe8 21.Bb6 h6 22.a4 e5
23.Ra1 e4 24.b4 exf3 25.gxf3 Re5 26.b5 axb5 27.axb5 Be8 28.Ra4 Rh5 29.Kg3 Rg5+
30.Kf4 Rh5 31.Kg3 Rg5+ 32.Kf2 Rh5 33.Kg3 Rg5+ 34.Kh4 Rf5 35.Kg3 Rg5+ 36.Kh4 Rf5
37.Kg3 Rg5+ 38.Kf2 Rh5 39.Ke3 Kh7 40.Rd8 Rxd8 41.Bxd8 Rxh2 42.Rb4 Rc2 43.Be7 Rc3+
44.Ke2 Bd7 45.c5 g5 46.c6 Bxc6 47.bxc6 bxc6 48.Bf6 Rc5 49.Rb3 Kg6 50.Bd4 Rd5
51.Ke3 h5 52.Rb6 Rd6 53.Rb8 Re6+ 54.Kf2 Kf5 55.Rh8 h4 56.Rh7 f6 57.Rh6 Rd6
58.Ke3 Re6+ 59.Kf2 Rd6  1/2-1/2

[Event "FSIM March"]
[Site "Budapest HUN"]
[Date "2008.03.05"]
[Round "4"]
[White "To,N"]
[Black "Gara,A"]
[Result "1/2-1/2"]
[WhiteElo "2293"]
[BlackElo "2325"]

1.e4 c5 2.Nf3 e6 3.d4 cxd4 4.Nxd4 Nc6 5.Nc3 a6 6.Be3 Nf6 7.Qd2 Bb4 8.f3 d5
9.a3 Qa5 10.exd5 Nxd5 11.Nb3 Bxc3 12.Nxa5 Bxd2+ 13.Bxd2 Nxa5 14.Bxa5 Ne3
15.Kf2 Nxf1 16.Rhxf1 b5 17.a4 Bb7 18.Bb4 Kd7 19.Bc3 f6 20.f4 Rhc8 21.Rfd1+ Bd5
22.Rd2 Kc6 23.g4 Rab8 24.axb5+ axb5 25.Kg3 Ra8 26.Rad1 Ra4 27.Bd4 Rca8 28.b3 Ra2
29.f5 R8a6 30.Bc3 Kc7 31.Bb4 Rc6 32.fxe6 Bxe6 33.Re1 Kc8 34.Re3 Kc7 35.Bf8 g6
36.b4 Ra1 37.h3 h5 38.gxh5 gxh5 39.Bc5 Rca6 40.Kh4 Rh1 41.Rg2 Bf5 42.Rg7+ Kc6
43.Rf3 Be6 44.Rg6 Kd5 45.Rgxf6 Bxh3 46.Rd3+ Ke4 47.Re3+ Kd5 48.Rd3+ Ke4 49.Rd4+ Ke5
50.Rxa6 Bc8+ 51.Kg5 Bxa6 52.Rd6 Bc8 53.Rb6 Bd7 54.Rh6 Bg4 55.Rh8 Rh2 56.Rb8 Bd7
57.Rd8 Ke6 58.c3 Rh3 59.Bd4 Bc6 60.Rh8  1/2-1/2

[Event "10th WCh-University w"]
[Site "Novokuznetsk RUS"]
[Date "2008.03.05"]
[Round "3"]
[White "Mongontuul,B"]
[Black "Vasilevich,I"]
[Result "1/2-1/2"]
[WhiteElo "2389"]
[BlackElo "2378"]

1.e4 c5 2.Nf3 e6 3.d4 cxd4 4.Nxd4 Nc6 5.Nc3 Qc7 6.Ndb5 Qb8 7.Be3 a6 8.Bb6 axb5
9.Nxb5 Bb4+ 10.c3 Ba5 11.Nc7+ Qxc7 12.Bxc7 Bxc7 13.Qg4 Kf8 14.Bd3 Nf6 15.Qe2 h5
16.O-O g5 17.Bb5 Ne5 18.Qe3 b6 19.f3 Rg8 20.a4 Bb7 21.a5 g4 22.axb6 Bb8 23.Rxa8 Bxa8
24.Qc5+ Kg7 25.f4 Ng6 26.e5 Ne4 27.Qd4 Nh4 28.Qxd7 g3 29.Ra1 gxh2+ 30.Kxh2 Bd5
31.c4 Kh6 32.Rg1 Nf2 33.cxd5 Ng4+ 34.Kg3 Nxe5+ 35.Kxh4 Nxd7 36.Bxd7 Bxf4
37.g3 Bg5+ 38.Kh3 Rb8 39.Re1 exd5 40.Bc6 Rxb6 41.Bxd5 Rxb2  1/2-1/2

[Event "Cvijet Mediterana"]
[Site "Rijeka CRO"]
[Date "2008.03.05"]
[Round "7"]
[White "Jelica,M"]
[Black "Voicu,C"]
[Result "0-1"]
[WhiteElo "2163"]
[BlackElo "2290"]

1.e4 c5 2.Nf3 e6 3.d4 cxd4 4.Nxd4 Nc6 5.Nc3 Qc7 6.Be3 a6 7.Nxc6 bxc6 8.f4 d5
9.Bd3 Nf6 10.Qf3 h5 11.O-O Ng4 12.Kh1 Nxe3 13.Qxe3 Qa7 14.Qf3 d4 15.Ne2 Rb8
16.b3 h4 17.h3 c5 18.Ng1 Qc7 19.Rae1 Be7 20.Qg4 Kf8 21.e5 g6 22.Nf3 Kg7 23.Nd2 Bb7
24.f5 exf5 25.Rxf5 Qc6 26.Rf2 Rh5 27.Bc4 Rf8 28.Ref1 f5 29.exf6+ Rxf6 30.Rxf6 Bxf6
31.Qe2 Re5 32.Qf2 Rg5 33.Nf3 Rg3 34.Re1 Qd6 35.Be2 Bg5 36.Rd1 Qf6 37.Rd3 Qf4
38.Qe1 Be4 39.Rd1 Qf5 40.Bf1 Rxh3+ 41.gxh3 Qxf3+ 42.Kg1 Be3+  0-1

[Event "58th ch-RUS w 1st liga"]
[Site "Smolensk RUS"]
[Date "2008.03.05"]
[Round "8"]
[White "Petrova,O"]
[Black "Kuznetsova,T"]
[Result "0-1"]
[WhiteElo "2102"]
[BlackElo "2051"]

1.e4 c5 2.Nf3 e6 3.d4 cxd4 4.Nxd4 Nc6 5.Nc3 Qc7 6.Be3 a6 7.Bd3 Nf6 8.O-O Ne5
9.h3 Bc5 10.Kh1 d6 11.Qe2 O-O 12.f4 Ng6 13.Nf3 Nh5 14.Kh2 Nhxf4 15.Qd2 d5
16.g3 Nxd3 17.cxd3 dxe4 18.dxe4 Rd8 19.Qf2 Bxe3 20.Qxe3 Ne5 21.Nxe5 Qxe5
22.Rad1 Bd7 23.Qb6 Qb8 24.a4 Be8 25.a5 h5 26.h4 Qc8 27.e5 Rxd1 28.Rxd1 Qc6
29.Qe3 Rc8 30.Ne4 Qc2+ 31.Rd2 Qb1 32.Nc3 Qg6 33.Ne4 Bc6 34.Nc3 Qg4 35.Kg1 Qf3
36.Qxf3 Bxf3 37.Kf2 Bc6 38.Rd6 Kf8 39.Ke3 Ke7 40.Kd4 f6 41.Ne2 Bf3 42.Rb6 Bxe2
43.Rxb7+ Kf8 44.b3 Rd8+ 45.Ke3 Bb5 46.exf6 gxf6 47.Rh7 Rd5 48.Kf4 Be8 49.Ra7 Rxa5
50.g4 hxg4 51.Kxg4 Bf7 52.Rb7 Rb5  0-1

[Event "58th ch-RUS w 1st liga"]
[Site "Smolensk RUS"]
[Date "2008.03.06"]
[Round "9"]
[White "Kindinova,E"]
[Black "Kuznetsova,T"]
[Result "1-0"]
[WhiteElo "2097"]
[BlackElo "2051"]

1.e4 c5 2.Nf3 e6 3.d4 cxd4 4.Nxd4 Nc6 5.Nc3 Qc7 6.Be2 a6 7.O-O Nf6 8.Be3 Bb4
9.Na4 Be7 10.c4 Nxe4 11.Nxc6 bxc6 12.Qd4 Nf6 13.Nb6 Rb8 14.c5 d6 15.Nxc8 dxc5
16.Qc4 Qxc8 17.Bxc5 Bxc5 18.Qxc5 Nd5 19.b3 Qb7 20.Rac1 Ne7 21.Rc2 Ra8 22.Bf3 Rc8
23.Rc4 O-O 24.Rb4 Qa8 25.Qxe7 a5 26.Rg4 Rfd8 27.Qf6 g6 28.h4  1-0

[Event "10th WCh-University w"]
[Site "Novokuznetsk RUS"]
[Date "2008.03.07"]
[Round "5"]
[White "Wang Yu A"]
[Black "Vasilevich,I"]
[Result "1-0"]
[WhiteElo "2391"]
[BlackElo "2378"]

1.e4 c5 2.Nf3 e6 3.d4 cxd4 4.Nxd4 Nc6 5.Nc3 a6 6.Nxc6 bxc6 7.Bd3 d5 8.O-O Nf6
9.Re1 Be7 10.e5 Nd7 11.Na4 c5 12.c4 d4 13.Be4 Rb8 14.b3 O-O 15.Bf4 Bb7 16.Qc2 Bxe4
17.Qxe4 a5 18.Rad1 Nb6 19.Nc3 a4 20.Rd3 axb3 21.axb3 Na8 22.Rh3 g6 23.Nb5 Qa5
24.Rf1 Rfd8 25.Nd6 h5 26.Rg3 Bxd6 27.Rxg6+ Kf8 28.exd6 Rb6 29.Bh6+ Ke8 30.Rxe6+ Kd7
31.Re7+ Kc8 32.Bf4  1-0

[Event "XXIII Open"]
[Site "Reykjavik ISL"]
[Date "2008.03.07"]
[Round "5"]
[White "Zozulia,A"]
[Black "Fridgeirsson,D"]
[Result "1-0"]
[WhiteElo "2344"]
[BlackElo "1798"]

1.e4 c5 2.Nf3 Nc6 3.Nc3 e6 4.d4 cxd4 5.Nxd4 a6 6.Be3 Nf6 7.Bd3 b5 8.O-O Bb7
9.a3 d5 10.Nxc6 Bxc6 11.e5 Nd7 12.Bd4 Bc5 13.Bxc5 Nxc5 14.Qg4 O-O 15.Rad1 Nxd3
16.Rxd3 f5 17.Qf4 Kh8 18.h4 Rg8 19.Rg3 Rc8 20.Ne2 Be8 21.Nd4 Qe7 22.Rd1 a5
23.Qg5 Qxg5 24.hxg5 Bd7 25.Kf1 g6 26.Ke2 Rg7 27.Rb3 Rc5 28.Rdd3 a4 29.Rdc3 Rc4
30.Rxc4 bxc4 31.Rb7 Bc8 32.Rb8 Rg8 33.Kd2 Bd7 34.Rxg8+ Kxg8 35.Kc3 h6 36.gxh6 Kh7
37.Kb4 Kxh6 38.Kc5 Kg5 39.Kd6  1-0

[Event "Bundesliga 2007-8"]
[Site "Bindlach GER"]
[Date "2008.03.08"]
[Round "10"]
[White "Votava,J"]
[Black "Novikov,St1"]
[Result "1-0"]
[WhiteElo "2546"]
[BlackElo "2545"]

1.e4 c5 2.Nf3 e6 3.d4 cxd4 4.Nxd4 Nc6 5.Nc3 Qc7 6.g3 Nf6 7.Bg2 d6 8.O-O Bd7
9.Re1 Be7 10.Ncb5 Qb8 11.c4 Na5 12.b3 a6 13.Na3 O-O 14.Nac2 b5 15.cxb5 axb5
16.Ba3 Re8 17.e5 Nd5 18.Nf5 exf5 19.Bxd5 Ra6 20.e6 fxe6 21.Bxe6+ Bxe6 22.Rxe6 Qc8
23.Qe2 Nc6 24.Bxd6 Nd4 25.Nxd4 Rxd6 26.Rxd6 Bxd6 27.Qxb5 Kh8 28.Rd1 f4 29.Qc6 fxg3
30.hxg3 Qb8 31.Nf5 Be5 32.Kg2 Rf8 33.Qe4 Bf6 34.Rd7 Qc8 35.Qb7 Qc2 36.Rf7 Rg8
37.Nh6 Re8 38.Ng4 Bd4 39.Qf3 h5 40.Nh2 Bxf2 41.Rf8+  1-0

[Event "Open"]
[Site "Blackpool ENG"]
[Date "2008.03.08"]
[Round "3"]
[White "Adair,J"]
[Black "Allen,K"]
[Result "1-0"]
[WhiteElo "2067"]
[BlackElo "2227"]

1.e4 c5 2.Nc3 e6 3.Nf3 Nc6 4.d4 cxd4 5.Nxd4 Qc7 6.Be3 a6 7.Qd2 Nf6 8.O-O-O Bb4
9.f3 O-O 10.g4 Ne5 11.Bd3 Rd8 12.g5 Nh5 13.Kb1 Nc4 14.Bxc4 Qxc4 15.Nde2 g6
16.Ng3 Ng7 17.h4 d5 18.h5 Bd6 19.f4 b5 20.hxg6  1-0

[Event "ch-RUS Boys u20"]
[Site "St Petersburg RUS"]
[Date "2008.03.08"]
[Round "1"]
[White "Sjugirov,S"]
[Black "Popov,Iv RUS"]
[Result "1-0"]
[WhiteElo "2491"]
[BlackElo "2595"]

1.e4 c5 2.Nf3 e6 3.d4 cxd4 4.Nxd4 Nc6 5.Nc3 Qc7 6.g3 a6 7.Bg2 Bc5 8.Nxc6 dxc6
9.O-O e5 10.Qe2 Ne7 11.Na4 Bd6 12.Be3 c5 13.Rad1 Be6 14.Qd2 O-O-O 15.Qc3 b6
16.b4 cxb4 17.Nxb6+ Kb7 18.Qb2 Nc8 19.Nd5 Bxd5 20.exd5 Nb6 21.Bxb6 Qxb6 22.c3 Rc8
23.cxb4 Rc4 24.Bh3 Qxb4 25.Qe2 Qc5 26.Bd7 Ka7 27.Bc6 g6 28.Qd2 Rd4 29.Qh6 Rxd1
30.Rxd1 Bc7 31.Rc1 Qe7 32.Rb1 Rb8 33.Rxb8 Kxb8 34.Qxh7 Bd6 35.Qg8+ Kc7 36.Be8 g5
37.Qxf7 Kd8 38.Qxe7+ Kxe7 39.Ba4 Kf6 40.Bc2 Bc5 41.Kg2 g4 42.f3  1-0

[Event "Bundesliga 2007-8"]
[Site "Hamburg GER"]
[Date "2008.03.09"]
[Round "11"]
[White "Reeh,O"]
[Black "Handke,F"]
[Result "1/2-1/2"]
[WhiteElo "2427"]
[BlackElo "2497"]

1.e4 c5 2.Nf3 e6 3.d4 cxd4 4.Nxd4 Nc6 5.Nc3 Qc7 6.f4 Nxd4 7.Qxd4 a6 8.a4 b6
9.Be3 Bb7 10.Qxb6 Qxb6 11.Bxb6 Bb4 12.O-O-O Nf6 13.e5 Bxc3 14.bxc3 Nd5 15.a5 Nxf4
16.Rd4 Nd5 17.c4 Ne7 18.Rg4 g6 19.Bd3 h5 20.Be4 Bc6 21.Bxc6 Nxc6 22.Re4 h4
23.Rhe1 Rh5 24.R1e3 Rc8 25.Kb2 Ne7 26.g4 hxg3 27.hxg3 Rh2 28.g4 Nc6 29.Re2 Rxe2
30.Rxe2 Kf8 31.g5 Kg7 32.Kb3 Rb8 33.Kc3 Rh8 34.Rd2 Rh3+ 35.Rd3 Rxd3+ 36.cxd3 Nxe5
37.d4 Nf3 38.Bd8 f5 39.gxf6+ Kf7 40.Kd3 Ng5 41.d5 exd5 42.cxd5 Ke8 43.Bc7  1/2-1/2

[Event "10th WCh-University w"]
[Site "Novokuznetsk RUS"]
[Date "2008.03.09"]
[Round "7"]
[White "Seps,M"]
[Black "Mongontuul,B"]
[Result "0-1"]
[WhiteElo "2264"]
[BlackElo "2389"]

1.e4 c5 2.Nf3 e6 3.d4 cxd4 4.Nxd4 Nc6 5.Nc3 d6 6.Be3 Nf6 7.Be2 Be7 8.O-O O-O
9.f4 Bd7 10.Qe1 Nxd4 11.Bxd4 Bc6 12.Bd3 Qd7 13.Rd1 b5 14.Bxf6 gxf6 15.Rf3 Kh8
16.Rh3 Rg8 17.Rd2 Qb7 18.f5 Rg4 19.fxe6 fxe6 20.Nd5 Bd8 21.Qf1 Qg7 22.Kh1 Qg5
23.Rf2 exd5 24.exd5 Bxd5 25.Bxh7 Kg7 26.Bf5 Rh4 27.Rxh4 Qxh4 28.Rf4 Qh6 29.Rg4+ Kf8
30.h3 Qxh3+  0-1

[Event "10th WCh-University"]
[Site "Novokuznetsk RUS"]
[Date "2008.03.09"]
[Round "8"]
[White "Alavi,S"]
[Black "Maletin,P"]
[Result "0-1"]
[WhiteElo "2461"]
[BlackElo "2573"]

1.e4 c5 2.Nf3 Nc6 3.d4 cxd4 4.Nxd4 e6 5.Nc3 Qc7 6.Be3 a6 7.Be2 Nf6 8.O-O Be7
9.f4 d6 10.Kh1 O-O 11.Qe1 Nxd4 12.Bxd4 b5 13.e5 dxe5 14.Bxe5 Qb6 15.Bd3 Bb7
16.Qh4 h6 17.Qg3 Nh5 18.Qg4 Nf6 19.Qg3 Nh5 20.Qh3 g6 21.Rae1 f5 22.Ne2 Kh7
23.Nd4 Bd5 24.Be2 Nf6 25.Bf3 Rad8 26.c3 Bc4 27.Rg1 h5 28.Nc6 Ng4 29.Bd4 Rxd4
30.Bxg4 fxg4 31.Qe3 Qxc6 32.cxd4 Bd5 33.Rc1 Qd7 34.Rgf1 Bd6 35.Kg1 Qf7 36.g3 Qf5
37.Kf2 g5  0-1